| 000 | 00387nam a2200169Ia 4500 | ||
|---|---|---|---|
| 008 | 221030s9999 xx 000 0 und d | ||
| 020 | _a8122411924 | ||
| 041 | _aEnglish | ||
| 082 | _a105.23 | ||
| 100 | _aJ. S. Chitode | ||
| 245 | 0 |
_aDigital communication _cby J. S. Chitode |
|
| 250 | _a3rd | ||
| 260 |
_bTechnical Pub _aPune _c1999 |
||
| 300 | _a384 | ||
| 650 | _aECE | ||
| 942 | _cBK | ||
| 999 |
_c5100 _d5100 |
||